Magyar Pedagógia. - 85. évf. (1985) 2. sz.
Elmentve itt :
| Dokumentumtípus: | Folyóirat |
|---|---|
| Megjelent: |
1985
|
| Sorozat: | Magyar pedagógia : a Magyar Tudományos Akadémia Pedagógiai Bizottságának folyóirata
85 No. 2 |
| Online Access: | http://misc.bibl.u-szeged.hu/18030 |
| LEADER | 00545nas a2200145 i 4500 | ||
|---|---|---|---|
| 001 | misc18030 | ||
| 005 | 20191106141420.0 | ||
| 008 | 170616s1985 hu o 0|| zxx d | ||
| 022 | |a 0025-0260 | ||
| 040 | |a SZTE Miscellanea Repozitórium |b hun | ||
| 041 | |a zxx | ||
| 245 | 0 | 0 | |a Magyar Pedagógia. - 85. évf. (1985) 2. sz. |h [elektronikus dokumentum] |
| 260 | |c 1985 | ||
| 490 | 0 | |a Magyar pedagógia : a Magyar Tudományos Akadémia Pedagógiai Bizottságának folyóirata |v 85 No. 2 | |
| 856 | 4 | 0 | |u http://misc.bibl.u-szeged.hu/18030/1/mp_1985_002.pdf |z Dokumentum-elérés |